| 000 | 01246cam a22003014a 4500 | ||
|---|---|---|---|
| 001 | 11530 | ||
| 005 | 20130829172911.0 | ||
| 008 | 011026s2002 enka b 001 0 eng | ||
| 906 |
_a7 _bcbc _corignew _d1 _eocip _f20 _gy-gencatlg |
||
| 925 | 0 |
_aacquire _b1 shelf copy _xpolicy default |
|
| 955 |
_djc02 2001-10-29 to technician _ejc03 2001-10-29 to Dewey _fpv05 2002-01-22 CIP ver to BCCD |
||
| 010 | _a 2001046998 | ||
| 020 | _a0471899062 (hbk.) | ||
| 020 | _a0471899070 (pbk.) | ||
| 040 |
_aDLC _cDLC _dDLC |
||
| 042 | _apcc | ||
| 050 | 0 | 0 |
_aTP248.65.P76 _bW353 2002 |
| 082 | 0 | 0 |
_a660.6/3 _221 |
| 100 | 1 |
_aWalsh, Gary, _cDr. |
|
| 245 | 1 | 0 |
_aProteins : _bbiochemistry and biotechnology / _cGary Walsh. |
| 260 |
_aChichester ; _aNew York : _bJ. Wiley, _cc2002. |
||
| 300 |
_ax, 547 p. : _bill. ; _c25 cm. |
||
| 504 | _aIncludes bibliographical references and index. | ||
| 650 | 0 |
_aProteins _xBiotechnology. |
|
| 650 | 0 | _aProteins. | |
| 856 | 4 | 2 |
_3Publisher description _uhttp://www.loc.gov/catdir/description/wiley034/2001046998.html |
| 856 | 4 | 1 |
_3Table of contents _uhttp://www.loc.gov/catdir/toc/wiley021/2001046998.html |
| 999 |
_c9462 _d9462 |
||